003590000a22001210004500090001700000245008400017041001400101700003000115100002700145942001300172773003500185999001700220 aAsbSeriadas10aAves de la ribera colombiana del Río Negro (frontera de Colombia y Venezuela)0 aEspañol1 aPhelps, William H.9940401 aDugand, Armando999113 cARTICULO1 tCaldasiam1948h22q225-246g5 c15644d15644